Les nerfs crâniens - Statistiques

Statistiques générales
  • Ce quiz a été pris 11 fois
  • Le résultat moyen est 4 sur 9
Statistiques - réponses
Hint Réponse % Correct
Nerf de l'odorat Olfactif
89%
Nerf de la vue Optique
89%
Nerf des organes de la respiration, de la fréquence cardiaque, etc Vague
89%
Nerf des mouvements de la tête et des épaules Accessoire
78%
Nerfs associés au fond de la bouche(langue, palais, pharynx, etc) Glossopharyngien
78%
Nerf des mouvements de la langue Hypoglose
11%
Nerf de l'ouïe et de l'équilibre Vestibulaire
11%
Nerf des mouvements des yeux Oculomoteur, Trochléaire et Abducen
0%
Nerf associés au visage Trijumeau et Facial
0%
Aucun quiz correspondant
Distribution des résultats
% des personnes avec chaque résultat
Percentile par nombre de réponses
Votre historique - résultats
Vous n’avez pas pris ce quiz